Abonos (Record no. 9598)

MARC details
000 -CABECERA
campo de control de longitud fija 00881nam a2200265 a 4500
001 - NÚMERO DE CONTROL
campo de control BRL_786
005 - FECHA Y HORA DE LA ÚLTIMA TRANSACCIÓN
campo de control 20190320210909.0
008 - DATOS DE LONGITUD FIJA--INFORMACIÓN GENERAL
campo de control de longitud fija 071013s1966----sp-ad#####---#000-0#spa-#
041 ## - CÓDIGO DE LENGUA
Código de lengua del texto/banda sonora o título independiente spa
044 ## - CÓDIGO DEL PAÍS DE LA ENTIDAD EDITORA/PRODUCTORA
Código MARC del país sp
050 #4 - SIGNATURA TOPOGRÁFICA DE LA BIBLIOTECA DEL CONGRESO
Número de clasificación S591
Número de documento/Ítem .G76 1966
100 1# - ENTRADA PRINCIPAL--NOMBRE DE PERSONA
Nombre de persona Gros, André
9 (RLIN) 24942
245 10 - MENCIÓN DE TÍTULO
Título Abonos
Resto del título Guía práctica de la fertilización
Mención de responsabilidad, etc. por André Gros ; Prólogo de Jean Lefévre ; Traducida por el Ingeniero Agrónomo Ramón Olalquiaga Soriano.
250 ## - MENCIÓN DE EDICIÓN
Mención de edición 3a ed.
260 ## - PUBLICACIÓN, DISTRIBUCIÓN, ETC.
Lugar de publicación, distribución, etc. Madrid
Nombre del editor, distribuidor, etc. Ediciones Mundi-Prensa
Fecha de publicación, distribución, etc. 1966
300 ## - DESCRIPCIÓN FÍSICA
Extensión 397 p.
Otras características físicas il.
Dimensiones 22 cm.
500 ## - NOTA GENERAL
Nota general Au864
500 ## - NOTA GENERAL
Nota general Traducción de: Engrais : guide pratique de la fertilisation.
650 14 - PUNTO DE ACCESO ADICIONAL DE MATERIA--TÉRMINO DE MATERIA
Término de materia o nombre geográfico como elemento de entrada Fertilización
Subdivisión de forma Manuales
Subdivisión general Suelos
9 (RLIN) 24943
650 14 - PUNTO DE ACCESO ADICIONAL DE MATERIA--TÉRMINO DE MATERIA
Término de materia o nombre geográfico como elemento de entrada Agricultura
9 (RLIN) 24944
700 1# - PUNTO DE ACCESO ADICIONAL--NOMBRE DE PERSONA
Nombre de persona Lefévre, Jean
Término indicativo de función/relación pról.
9 (RLIN) 24945
700 1# - PUNTO DE ACCESO ADICIONAL--NOMBRE DE PERSONA
Nombre de persona Olalquiaga Soriano, Ramón
Término indicativo de función/relación tr.
9 (RLIN) 24946
902 ## - CATALOGADOR
Iniciales GRL
942 ## - ELEMENTOS DE PUNTO DE ACCESO ADICIONAL (KOHA)
Fuente del sistema de clasificación o colocación Library of Congress Classification
Tipo de ítem Koha Libros
Holdings
Estado de retiro Estado de pérdida Estado dañado No para préstamo Localización permanente Ubicación/localización actual Fecha de adquisición Número de inventario Total de préstamos Signatura topográfica completa Código de barras Fecha visto por última vez Precio válido a partir de Tipo de ítem Koha
El ejemplar forma parte de la colección y puede ser consultado según las políticas vigentes.       Biblioteca Centro de Estudios Ruth D. Lechuga Biblioteca Centro de Estudios Ruth D. Lechuga 07/10/2013 Au864   S591 .G76 1966 (Au864) GRL00855 22/03/2019 22/03/2019 Libros